Inquiring into the common core

Gespeichert in:
Bibliographische Detailangaben
1. Verfasser: DANA, Nancy Fichtman
Format: Buch
Sprache:Englisch
Veröffentlicht: Corwin 2013
Tags: Tag hinzufügen
Keine Tags, Fügen Sie den ersten Tag hinzu!

MARC

LEADER 00000nam a22000007a 4500
008 210126b ||||| |||| 00| 0 eng d
020 |a 978-1-4522-7426-3 
100 |a DANA, Nancy Fichtman. 
245 |a Inquiring into the common core  |c Nancy Fichtman Dana, Jamey Bolton Burns [and] Rachel Wolkenhauer  |g xvi; 94p.; ill. 
260 |b Corwin  |c 2013  |h Thousand Oaks, California  |i 692479  |i 692480  |l LB306083 .D19  |m Education – Standards – United States – Case  |m Common core state standards (Education)  |m Teaching – Aids and devices.   |m Inquiry-based learning 
942 |a lcc  |c BK  |e YUNUSA, A.A.  |f 26/01/2021 
952 |0 0  |1 0  |2 lcc  |4 0  |6 LB306083 D19  |7 0  |9 1877  |a HOL  |b ED  |c LP  |d 2021-01-26  |l 0  |o LB306083 .D19   |p 2021-5744  |r 2021-01-26 00:00:00  |w 2021-01-26  |y BK 
952 |0 0  |1 0  |2 lcc  |4 0  |6 LB306083 D19  |7 0  |9 1878  |a HOL  |b HOL  |c LP  |d 2021-01-26  |l 0  |o LB306083 .D19   |p 2021-5745  |r 2021-01-26 00:00:00  |w 2021-01-26  |y BK 
999 |c 984  |d 984